| 000 | 00489 a2200181 4500 | ||
|---|---|---|---|
| 999 |
_c29677 _d29677 |
||
| 003 | NUST | ||
| 005 | 20180118124437.0 | ||
| 008 | 180118b xxu||||| |||| 00| 0 eng d | ||
| 020 | _a3527406271 | ||
| 020 | _a9783527406272 | ||
| 082 | _a530.15 | ||
| 100 | 1 |
_aVaughn, Michael T. _98755 |
|
| 245 | 1 | 0 |
_aIntroduction to mathematical physics / _cMichael T. Vaughn. |
| 260 |
_a[S.l.] : _bWiley-VCH, _c2007. |
||
| 300 |
_a543 p. ; _c25 cm. |
||
| 490 | 1 | _aPhysics textbook. | |
| 700 |
_aVaughn, Michael T. _98755 |
||
| 830 | 0 |
_aPhysics textbook. _98756 |
|
| 942 |
_aSNS _cBK _k530.15 VAU _2ddc |
||